LIBRARY & INFORMATION CENTRE, KCAET, TAVANUR

ONLINE PUBLIC ACCESS CATALOGUE (OPAC)

Development of a bund strengthening implement for paddy wetlands based on soil-machine parameters (Record no. 15542)

MARC details
000 -LEADER
fixed length control field 00465nam a22001337a 4500
003 - CONTROL NUMBER IDENTIFIER
control field OSt
082 ## - DEWEY DECIMAL CLASSIFICATION NUMBER
Classification number NAI
100 ## - MAIN ENTRY--AUTHOR NAME
Personal name Suma Nair
245 ## - TITLE STATEMENT
Title Development of a bund strengthening implement for paddy wetlands based on soil-machine parameters
260 ## - PUBLICATION, DISTRIBUTION, ETC. (IMPRINT)
Place of publication Tavanur :
Name of publisher Department of Farm Machinery and Power Engineering,
Year of publication 2018
700 ## - ADDED ENTRY--PERSONAL NAME
Personal name Ramachanran, V R (guide)
856 ## - ELECTRONIC LOCATION AND ACCESS
Uniform Resource Identifier https://drive.google.com/open?id=1TFLNpTdFLabOphyqhSPLm6quw5nY7QnH
942 ## - ADDED ENTRY ELEMENTS (KOHA)
Koha item type Theses
Holdings
Home library Current library Shelving location Full call number Accession Number Koha item type Public note
KAUAET KAUAET Reference 631.3 SUM/D T 434 Theses PhD Thesis
free website counter